banner-ar

ادب امريكا اللاتينية : قضايا ومشكلات (القسم الثانى) (عالم المعرفة 102) / (Record no. 44724)

MARC details
000 -الفاتح
حقل البيانات ثابتة الطول 00698nam a2200193Ia 4500
008 - عناصر البيانات ثابتة الطول - معلومات عامة
حقل البيانات ثابتة الطول 140319s9999 xx 000 0 ara d
040 ## - مصدر الفهرسة
وكالة الفهرسة الأصلية GCL /
وكالة النسخ GCL
082 04 - رقم تصنيف ديوى العشرى
رقم التصنيف د
رقم المادة 050
100 1# - المدخل الرئيسى - إسم شخصى
الإسم الشخصى مورينو , سيزادفرناندث
245 10 - بيان العنوان
العنوان ادب امريكا اللاتينية : قضايا ومشكلات (القسم الثانى) (عالم المعرفة 102) /
بيان المسئوليه,etc مورينو , سيزادفرناندث
700 1# - المدخل الاضافى - اسم شخصى
الإسم الشخصى احمد حسان عبدالواحد
300 ## - الوصف المادى
التعداد 423 ص
490 ## - بيان السلسلة
عنوان السلسلة عالم المعرفة
رقم المجلد/ التعيين التسلسلي 0
650 04 - المدخل الاضافى بالموضوع-مصطلح موضوعى
مصطلح موضوعي الادب الامريكى
650 04 - المدخل الاضافى بالموضوع-مصطلح موضوعى
مصطلح موضوعي تاريخ ونقد
650 04 - المدخل الاضافى بالموضوع-مصطلح موضوعى
مصطلح موضوعي الادب الامريكى المترجم
942 ## - عناصر المدخل الإضافي( كوها)
مصدر التصنيف او مخطط الترفيف Dewey Decimal Classification
Koha [default] item type كتاب
Holdings
حالة التراجع حالة الفقد حالة تلف ليس للاعارة المكان المؤقت الموقع الحالى تاريخ الاكتساب اجمالي اﻻعارات رقم الطلب الباركود تاريخ اخر مشاهدة تاريخ تفعيل السعر نوع وعاء كوها
        مكتبة القاهرة الكبرى مكتبة القاهرة الكبرى 03/26/2014   د\050 109195 03/26/2014 03/26/2014 كتاب

Powered By

EGPV